| 000 | 00505nam a2200181Ia 4500 | ||
|---|---|---|---|
| 999 |
_c14919 _d14919 |
||
| 003 | OSt | ||
| 005 | 20201124122639.0 | ||
| 008 | 190216s9999||||xx |||||||||||||| ||und|| | ||
| 020 | _a9789351160274 | ||
| 040 | _coclc | ||
| 082 |
_a823.92 _bKAN/T |
||
| 100 |
_aKandaswamy, Meena _96093 |
||
| 245 | 4 |
_aThe Gypsy Goddess / _cMeena Kandaswamy |
|
| 260 |
_bFourth Estate, _aNew Delhi; _c2014. |
||
| 300 | _a283p | ||
| 650 | _aEnglish | ||
| 942 |
_cBK _2ddc _h823.92 _iKAN/T _k823.92 _mKAN/T |
||